000 00718nam a2200265Ia 4500
003 OSt
005 20221006160343.0
006 a|||||r|||| 00| 0
007 ta
008 221006b |||||||| |||| 00| 0 jpn d
020 _a9784879405494
_c¥2800
024 _a45,028
037 _bGift, Japan Foundation
_cTextual
040 _aEASL
_cEASL
_bjpn
041 _2jpn
_ajpn
082 _aNQ:2.42, P1
100 _aYoshioka Sachio
_9673009
245 0 _aNihon no iro jiten
260 _aKyoto
_bMurosakibenisha Japan
_c2001
300 _a304p.
_ccm.
490 _v JL
650 _aJL
942 _hNQ:2.42, P1
_cTEXL
_2CC
999 _c1113120
_d1113120